At century's end : great minds reflect on our times.
| Other Authors: | , |
|---|---|
| Format: | Book |
| Published: |
California:
ALTI,
1995.
|
| Subjects: |
| LEADER | 00450cam a2200157 7i4500 | ||
|---|---|---|---|
| 001 | 0000008114 | ||
| 005 | 20000901090000.0 | ||
| 020 | 0 | 0 | |a 1883051053 |
| 090 | 0 | 0 | |a B 909.82 |b ATC |
| 245 | 0 | 0 | |a At century's end : |b great minds reflect on our times. |
| 260 | 0 | 0 | |a California: |b ALTI, |c 1995. |
| 300 | # | # | |a 309 p. |
| 650 | 0 | 0 | |a Civilization, Modern |
| 700 | 1 | 1 | |a Moyers, |h Bill |
| 700 | 1 | 1 | |a Gardels, |h Nathan P |
| 999 | |a B000011056 |b Book |c Book |e Business Information Centre | ||


